000 00731nam a2200265Ia 4500
005 20260121165825.0
008 008 260114s9999 xx 000 0 eng d
020 _a9783319408484
037 _aEBOOK
040 _aCRL
040 _beng
040 _cCRL
041 _2eng
041 _aeng
084 _qCRL
100 _aColleen G. Le Prell, Edward Lobarinas, Arthur N. Popper, Richard R. Fay
_91056486
245 0 _aTranslational Research in Audiology, Neurotology, and the Hearing Sciences
260 _bSpringer
260 _bSpringer
260 _c2016
856 _uhttps://link.springer.com/openurl?genre=book&isbn=978-3-319-40848-4
942 _cEBOOK
999 _c1622214
_d1622214